Teoría de la cultura (Record no. 21047)

MARC details
000 -LEADER
campo de control de longitud fija 01129nmm a2200409 a 4500
003 - IDENTIFICADOR DE NÚMERO DE CONTROL
campo de control AR-BaBNM
005 - FECHA Y HORA DE LA ÚLTIMA TRANSACCIÓN
campo de control 20251128211755.0
008 - DATOS DE LONGITUD FIJA--INFORMACIÓN GENERAL
campo de control de longitud fija 046020s2005 ||||||||||||||000 | spa||
020 ## - NÚMERO INTERNACIONAL ESTÁNDAR DEL LIBRO
Número Internacional Estándar del Libro 950-557-613-7
040 ## - FUENTE DE CATALOGACIÓN
Centro/agencia transcriptor AR-BaBNM
245 10 - MENCIÓN DEL TÍTULO
Título Teoría de la cultura
Resto del título un mapa de la cuestión
250 ## - MENCION DE EDICION
Mención de edición 1ª ed.
260 ## - PUBLICACIÓN, DISTRIBUCIÓN, ETC.
Lugar de publicación, distribución, etc. México
Nombre del editor, distribuidor, etc. Fondo de Cultura Económica
Fecha de publicación, distribución, etc. 2005
300 0# - DESCRIPCIÓN FÍSICA
Extensión 190 p.
650 #4 - PUNTO DE ACCESO ADICIONAL DE MATERIA--TÉRMINO DE MATERIA
Término de materia o nombre geográfico como elemento de entrada SOCIOLOGIA CULTURAL
650 #4 - PUNTO DE ACCESO ADICIONAL DE MATERIA--TÉRMINO DE MATERIA
Término de materia o nombre geográfico como elemento de entrada LINGUISTICA
650 #4 - PUNTO DE ACCESO ADICIONAL DE MATERIA--TÉRMINO DE MATERIA
Término de materia o nombre geográfico como elemento de entrada ANTROPOLOGIA CULTURAL Y SOCIAL
650 #4 - PUNTO DE ACCESO ADICIONAL DE MATERIA--TÉRMINO DE MATERIA
Término de materia o nombre geográfico como elemento de entrada TEORIA DE LA CULTURA
650 #4 - PUNTO DE ACCESO ADICIONAL DE MATERIA--TÉRMINO DE MATERIA
Término de materia o nombre geográfico como elemento de entrada FILOSOFIA DE LA HISTORIA
650 #4 - PUNTO DE ACCESO ADICIONAL DE MATERIA--TÉRMINO DE MATERIA
Término de materia o nombre geográfico como elemento de entrada RENACIMIENTO
650 #4 - PUNTO DE ACCESO ADICIONAL DE MATERIA--TÉRMINO DE MATERIA
Término de materia o nombre geográfico como elemento de entrada HISTORIA DEL ARTE
653 #0 - TÉRMINO DE INDIZACIÓN--NO CONTROLADO
Término no controlado POSMODERNIDAD
700 1# - ENTRADA AGREGADA--NOMBRE PERSONAL
Nombre de persona Schröder, Gerhart
Término indicativo de función/relación compilador
700 1# - ENTRADA AGREGADA--NOMBRE PERSONAL
Nombre de persona Breuninger, Helga
Término indicativo de función/relación compilador
700 1# - ENTRADA AGREGADA--NOMBRE PERSONAL
Nombre de persona Assmann, Jan
700 1# - ENTRADA AGREGADA--NOMBRE PERSONAL
Nombre de persona Bolz, Norbert
700 1# - ENTRADA AGREGADA--NOMBRE PERSONAL
Nombre de persona Burke, Peter
700 1# - ENTRADA AGREGADA--NOMBRE PERSONAL
Nombre de persona Daston, Lorraine
700 1# - ENTRADA AGREGADA--NOMBRE PERSONAL
Nombre de persona Gadamer, Hans-Georg
700 1# - ENTRADA AGREGADA--NOMBRE PERSONAL
Nombre de persona Greenblatt, Stephen
700 1# - ENTRADA AGREGADA--NOMBRE PERSONAL
Nombre de persona Mitchell, W.J.T.
700 1# - ENTRADA AGREGADA--NOMBRE PERSONAL
Nombre de persona Said, Edward W.
700 1# - ENTRADA AGREGADA--NOMBRE PERSONAL
Nombre de persona Waldenfels, Bernhard
700 1# - ENTRADA AGREGADA--NOMBRE PERSONAL
Nombre de persona Zizek, Slavoj
942 ## - ELEMENTOS DE ENTRADA SECUNDARIOS (KOHA)
Tipo de ítem Koha Libros
998 ## - INFORMACIÓN DE CONTROL LOCAL (RLIN)
Iniciales del catalogador, CIN (RLIN) me-solo cat
Holdings
Estatus retirado Estado de pérdida Fuente de la clasificación o esquema de estantería Estado de daño No para préstamo Biblioteca de origen Biblioteca actual Fecha de adquisición Fuente de adquisición Total de préstamos Signatura topográfica completa Código de barras Visto por última vez Precio de reemplazo Tipo de ítem Koha
    Clasificación Decimal Dewey     Liberty Liberty 28/11/2025 FCE   316.7 SCHR 141884 28/11/2025 28/11/2025 Libros
    Clasificación Decimal Dewey     Liberty Liberty 28/11/2025 FCE   316.7 SCHR 141888 28/11/2025 28/11/2025 Libros